Statistics for Dictators by Young Picture

Click here to take the quiz!

General Stats

  • This quiz has been taken 32 times
    (31 since last reset)
  • The average score is 8 of 16

Answer Stats

Answer% Correct
Vladimir Lenin
86%
Mao Zedong
81%
Napoleon
76%
Joseph Stalin
71%
Adolf Hitler
62%
Fidel Castro
62%
Saddam Hussein
62%
Benito Mussolini
57%
Kim Il Sung
48%
Chiang Kai-shek
38%
Suharto
29%
Khomeini
24%
Nicolae Ceaușescu
19%
Mobotu Sese Seko
14%
Sukarno
14%
Ferdinand Marcos
10%

Score Distribution

Percentile by Number Answered

Percent of People with Each Score

Your Score History

You have not taken this quiz since the last reset